000 00795nam a2200253 a 4500
001 63241
003 Mx-PuUPA
005 20230322115115.0
008 150715s2006 mau fr 000 0 eng d
020 _a9780674023703
_qpapel alcalino
040 _aMx-PuUPA
_bspa
_cMx-PuUPA
_dMx-PuUPA
_erda
041 0 _aeng
100 1 _aGingerich, Owen
_eautor
_9710
245 1 0 _aGod's universe /
_cOwen Gingerich.
264 1 _aMassachusetts :
_bThe Belknsp Press of Harvard University Press ;
_c©2006
300 _axi, 139 páginas ;
_c19 cm
336 _atexto
_2rdacontent
_btxt
337 _asin medio
_2rdamedia
_bn
338 _avolumen
_2rdacarrier
_bnc
650 7 _aReligion y ciencia
_2armarc
942 _2ddc
_cLI
_h215
_iG492
999 _c63241
_d63241